[Event "47. NSV Senioren EM 2013"]
[Site "Sottrum"]
[Date "2013.03.14"]
[Round "7.12"]
[White "Schumann, Wolfgang"]
[Black "Witt, Manfred"]
[Result "1/2-1/2"]
[WhiteElo "1544"]
[BlackElo "1184"]
[PlyCount "58"]
[EventDate "2013.??.??"]
[WhiteTeam "Eystruper SK"]
[BlackTeam "SC Sottrum"]

1. e4 e5 2. Nf3 Nc6 3. d4 Bd6 4. Bc4 h6 5. O-O Nf6 6. Nc3 O-O 7. Re1 Re8 8. h3
exd4 9. Nxd4 Nxd4 10. Qxd4 Be5 11. Qd3 c6 12. f3 Nh5 13. Be3 Qc7 14. f4 Nxf4
15. Bxf4 Bxf4 16. Rf1 Re7 17. Qf3 g5 18. g3 d5 19. gxf4 dxc4 20. Kg2 Qxf4 21.
Qxf4 gxf4 22. Rxf4 Be6 23. Rd1 Kh7 24. Ne2 Ree8 25. Nd4 Rg8+ 26. Kh2 Raf8 27.
Rdf1 Kg7 28. Rg1+ Kh7 29. Rgf1 Kg7 1/2-1/2